000 00880nam a22002297a 4500
999 _c13059
_d13059
003 AR-CdUCM
008 190411b ||||| |||| 00| 0 spa d
040 _aMUNICIPALIDAD PROVINCIAL DEL CUSCO
_cBIBLIOTECA MUNICIPAL DEL CUSCO
041 _heng
082 _a342.2 /
_bD19
100 _aDallin, Alexander
_931246
245 _aLa Unión Soviética en las Naciones Unidas :
_bEstudio de los motivos y objetivos Soviéticos /
260 _aMéxico :
_bHerrero,
_c1964.
300 _a259 páginas ;
_c21 cm.
505 _aContenido: Pasado y presente -- Los problemas y la política -- Khrushchew y las naciones unidas -- Cuadro sinóptico de las naciones unidas.
650 _aUnión Soviética
_9496
650 _aNaciones Unidas
_95682
650 _aPoítica
_931247
700 _aElizondo, Salvador (traducción)
_931248
942 _2ddc
_cLIBROS
945 _aachl
_d2019-04-11